¿Por qué son tan difíciles los pactos educativos? (Record no. 110747)

MARC details
000 -CABECERA
campo de control de longitud fija 00606nab a2200205 a 4500
005 - FECHA Y HORA DE LA ÚLTIMA TRANSACCIÓN
campo de control 20210223125636.0
008 - ELEMENTOS DE LONGITUD FIJA--INFORMACIÓN GENERAL
campo de control de longitud fija 991125s1985 mx 000 0 spa u
035 ## - NÚMERO DE CONTROL DEL SISTEMA
Número de control de sistema UPN01000138599
100 1# - ASIENTO PRINCIPAL--NOMBRE PERSONAL
Nombre de persona Tedesco, Juan Carlos,
Fechas asociadas al nombre 1944-
9 (RLIN) 34515
222 ## - TÍTULO CLAVE
Título clave REVISTA IBEROAMERICANA DE EDUCACION
245 ## - MENCIÓN DE TÍTULO
Título ¿Por qué son tan difíciles los pactos educativos?
260 ## - PUBLICACIÓN, DISTRIBUCIÓN, ETC.
Lugar de publicación, distribución, etc. Madrid, España
300 ## - DESCRIPCIÓN FÍSICA
Extensión 17-28
362 0# - FECHAS DE PUBLICACIÓN Y/O DESIGNACIÓN SECUENCIAL
Fecha de publicación y/o designación secuencial 2004 No. 34, ene.-abr.
653 0# - TERMINO DE INDIZACION - NO CONTROLADO
Término no controlado PACTO EDUCATIVO
653 0# - TERMINO DE INDIZACION - NO CONTROLADO
Término no controlado ESTRATEGIAS EDUCATIVAS
653 0# - TERMINO DE INDIZACION - NO CONTROLADO
Término no controlado GLOBALIZACION
653 0# - TERMINO DE INDIZACION - NO CONTROLADO
Término no controlado DESCENTRALIZACION EDUCATIVA
905 ## - TIPO DE MATERIAL
Tipo de material Articulo

No items available.